[Event "Langenhagen Summer op 1st"]
[Site "Langenhagen"]
[Date "2019.07.07"]
[Round "7"]
[White "Jaekel, Michael"]
[Black "Berkenkamp, Matthis"]
[Result "1-0"]
[WhiteElo "1772"]
[BlackElo "1039"]
[PlyCount "59"]
[EventDate "2019.07.04"]
[EventType "swiss"]
[EventRounds "7"]
[EventCountry "GER"]
[SourceTitle "EXT 2020"]
[Source "ChessBase"]
[SourceDate "2019.10.17"]
[SourceVersion "1"]
[SourceVersionDate "2019.10.17"]
[SourceQuality "1"]

1. e4 c5 2. Nf3 Nc6 3. c3 e5 4. d4 cxd4 5. cxd4 d6 6. d5 Nce7 7. Nc3 Nf6 8. Bb5+ Bd7 9. Qa4 a6 10. Bxd7+ Qxd7 11. Qb4 Rb8 12. Be3 g6 13. Nd2 Nc8 14. Bg5 Bg7 15. 0-0 0-0 16. f4 Ng4 17. f5 h6 18. h3 Bf6 19. Bxf6 Nxf6 20. Rf3 b5 21. fxg6 fxg6 22. Raf1 Kg7 23. Ne2 Ne7 24. Qa3 Qa7+ 25. Kh2 b4 26. Qd3 a5 27. Nc4 Nexd5 28. exd5 e4 29. Qe3 exf3 30. Qxa7+ 1-0

[Event "Langenhagen Summer op 1st"]
[Site "Langenhagen"]
[Date "2019.07.04"]
[Round "2"]
[White "Marzik, Arne"]
[Black "Jaekel, Michael"]
[Result "0-1"]
[WhiteElo "1359"]
[BlackElo "1772"]
[PlyCount "50"]
[EventDate "2019.07.04"]
[EventType "swiss"]
[EventRounds "7"]
[EventCountry "GER"]
[SourceTitle "EXT 2020"]
[Source "ChessBase"]
[SourceDate "2019.10.17"]
[SourceVersion "1"]
[SourceVersionDate "2019.10.17"]
[SourceQuality "1"]

1. d4 e5 2. g3 exd4 3. Qxd4 Nc6 4. Qd1 Nf6 5. Bg2 Bc5 6. c4 d6 7. Nf3 0-0 8. 0-0 Re8 9. Nc3 Bg4 10. Qb3 Na5 11. Qa4 Bb6 12. Bg5 Bd7 13. Qc2 h6 14. Bxf6 Qxf6 15. Nd5 Qe6 16. Nxb6 axb6 17. Nd4 Qxc4 18. Qd2 Nc6 19. Rfc1 Qxd4 20. Qxd4 Nxd4 21. Rxc7 Nxe2+ 22. Kf1 Bb5 23. Bxb7 Rxa2 24. Rxa2 Nf4+ 25. Kg1 Re1# 0-1

[Event "Niedersachsen-ch op B"]
[Site "Verden"]
[Date "2018.01.05"]
[Round "4"]
[White "Hoke, Joshua Sky"]
[Black "Jaekel, Michael"]
[Result "0-1"]
[WhiteElo "1623"]
[BlackElo "1733"]
[PlyCount "33"]
[EventDate "2018.01.04"]
[EventType "swiss"]
[EventRounds "7"]
[EventCountry "GER"]
[SourceTitle "EXT 2022"]
[Source "ChessBase"]
[SourceDate "2021.10.06"]
[SourceVersion "1"]
[SourceVersionDate "2021.10.06"]
[SourceQuality "1"]

1. e4 d5 2. exd5 Qxd5 3. Nc3 Qa5 4. d4 Nf6 5. Nf3 Bg4 6. Be2 Nc6 7. 0-0 0-0-0 8. Be3 e5 9. Bg5 Bxf3 10. Bxf3 Nxd4 11. Bg4+ Kb8 12. Qe1 Nxc2 13. Qe2 Nxa1 14. Rxa1 Rd4 15. Bf3 Be7 16. Re1 h6 17. Bh4 0-1

[Event "Hannover Bezirk-ch B"]
[Site "Lehrte"]
[Date "2017.10.30"]
[Round "5.1"]
[White "Jaekel, Michael"]
[Black "Seidenstuecker, Hans Lennart"]
[Result "1/2-1/2"]
[WhiteElo "1692"]
[BlackElo "1703"]
[PlyCount "116"]
[EventDate "2017.10.28"]
[EventType "swiss"]
[EventRounds "7"]
[EventCountry "GER"]
[SourceTitle "EXT 2022"]
[Source "ChessBase"]
[SourceDate "2021.10.06"]
[SourceVersion "1"]
[SourceVersionDate "2021.10.06"]
[SourceQuality "1"]

1. e4 c5 2. Nf3 g6 3. d4 cxd4 4. c3 Nf6 5. Bc4 Nxe4 6. Qxd4 Nf6 7. Ne5 d5 8. Bb5+ Bd7 9. Nxd7 Nbxd7 10. Bg5 Bg7 11. Bxf6 Bxf6 12. Qxd5 Qc7 13. Qxd7+ Qxd7 14. Bxd7+ Kxd7 15. Nd2 Rhd8 16. Ne4 Rac8 17. Ke2 Rc6 18. h4 h6 19. g4 Bg7 20. f4 Kc7 21. Rad1 Rxd1 22. Rxd1 f5 23. gxf5 gxf5 24. Ng3 e6 25. h5 Rb6 26. b3 Rc6 27. c4 Bf8 28. Nf1 a6 29. Nd2 Bd6 30. Kf3 b5 31. Rg1 e5 32. Rg7+ Kb6 33. fxe5 Bxe5 34. Rg6 Bb2 35. cxb5 axb5 36. a4 Bc3 37. axb5 Kxb5 38. Nc4 Rf6 39. Rxf6 Bxf6 40. Nd6+ Kb4 41. Nxf5 Bg5 42. Nd4 Kc3 43. Ne6 Bc1 44. Nc5 Ba3 45. Ne4+ Kxb3 46. Kf4 Kc4 47. Kf5 Bc1 48. Nd6+ Kd5 49. Nf7 Bd2 50. Ne5 Bc1 51. Nd3 Bd2 52. Nf2 Bc1 53. Ng4 Kd6 54. Kf6 Bd2 55. Kg6 Ke6 56. Nf2 Bc1 57. Ne4 Be3 58. Nf6 Bc1 1/2-1/2

[Event "Hannover-chB"]
[Site "Lehrte"]
[Date "2015.10.29"]
[Round "2"]
[White "Jaekel, Michael"]
[Black "Boerries, Stefan"]
[Result "0-1"]
[WhiteElo "1758"]
[BlackElo "1681"]
[PlyCount "64"]
[EventDate "2015.10.29"]
[EventType "swiss"]
[EventRounds "7"]
[EventCountry "GER"]
[SourceTitle "EXT 2021"]
[Source "ChessBase"]
[SourceDate "2020.10.23"]
[SourceVersion "1"]
[SourceVersionDate "2020.10.23"]
[SourceQuality "1"]

1. e4 c5 2. Nf3 d6 3. c3 Nf6 4. Qc2 Qa5 5. Na3 Be6 6. Rb1 Nc6 7. b4 cxb4 8. cxb4 Nxb4 9. Qb2 Nxa2 10. Qxb7 Rc8 11. Bb5+ Kd8 12. Nd4 Nb4 13. Rxb4 Qxb4 14. Nxe6+ fxe6 15. 0-0 Qxe4 16. Qxa7 Qa8 17. Qb6+ Rc7 18. d3 Nd7 19. Qe3 Qd5 20. Bd2 Ke8 21. Bc4 Qc5 22. Nb5 Rb7 23. Qxe6 Rxb5 24. Ra1 Rb8 25. d4 Qh5 26. Re1 Qg6 27. Qd5 h5 28. Qc6 Rh6 29. Bxh6 gxh6 30. Be6 Rd8 31. h3 Bg7 32. Ra1 Qxe6 0-1

[Event "Hannover-chB"]
[Site "Lehrte"]
[Date "2014.10.26"]
[Round "4"]
[White "Schoenfeld, Dietmar"]
[Black "Jaekel, Michael"]
[Result "1-0"]
[WhiteElo "1757"]
[BlackElo "1742"]
[PlyCount "65"]
[EventDate "2014.10.25"]
[EventType "tourn"]
[EventRounds "7"]
[EventCountry "GER"]
[SourceTitle "EXT 2021"]
[Source "ChessBase"]
[SourceDate "2020.10.23"]
[SourceVersion "1"]
[SourceVersionDate "2020.10.23"]
[SourceQuality "1"]

1. e4 d5 2. exd5 Qxd5 3. Nc3 Qa5 4. d4 Nf6 5. Nf3 Bg4 6. Be2 Nc6 7. h3 Bf5 8. Bc4 0-0-0 9. Bd2 Nxd4 10. Nxd4 Rxd4 11. Ne2 Qe5 12. f4 Qe4 13. Bd3 Rxd3 14. cxd3 Qxg2 15. Rg1 Qxh3 16. Qa4 a6 17. Rg3 Qh1+ 18. Rg1 Qh4+ 19. Ng3 e5 20. 0-0-0 Bxd3 21. Be3 Bb5 22. Qc2 g6 23. fxe5 Nd7 24. Ne4 Nxe5 25. Bg5 Bh6 26. Bxh6 Qxh6+ 27. Kb1 Bc6 28. Rge1 Qf4 29. Nc5 f6 30. Ka1 Qb4 31. Qf2 Nf3 32. Re7 b6 33. Rxc7+ 1-0

[Event "Hannover-chB"]
[Site "Lehrte"]
[Date "2014.10.26"]
[Round "3"]
[White "Schulze, Lara"]
[Black "Jaekel, Michael"]
[Result "1/2-1/2"]
[WhiteElo "1666"]
[BlackElo "1742"]
[PlyCount "48"]
[EventDate "2014.10.25"]
[EventType "tourn"]
[EventRounds "7"]
[EventCountry "GER"]
[SourceTitle "EXT 2021"]
[Source "ChessBase"]
[SourceDate "2020.10.23"]
[SourceVersion "1"]
[SourceVersionDate "2020.10.23"]
[SourceQuality "1"]

1. d4 Nf6 2. c4 e6 3. Nc3 c5 4. d5 exd5 5. cxd5 d6 6. e4 Be7 7. Bd3 0-0 8. Nge2 Nbd7 9. 0-0 Ne5 10. Bc2 Bg4 11. f3 Bd7 12. f4 Ng6 13. e5 Ne8 14. Bxg6 hxg6 15. Ng3 b5 16. Qc2 b4 17. Nce4 Bf5 18. Nxf5 gxf5 19. Nxd6 Bxd6 20. exd6 Qxd6 21. Qxf5 g6 22. Qd3 Nf6 23. Be3 Rfe8 24. Rac1 Rac8 1/2-1/2

[Event "Hannover-chB"]
[Site "Lehrte"]
[Date "2014.10.25"]
[Round "1"]
[White "Jaekel, Michael"]
[Black "Kieselbach, Petra"]
[Result "1-0"]
[WhiteElo "1742"]
[BlackElo "1544"]
[PlyCount "81"]
[EventDate "2014.10.25"]
[EventType "tourn"]
[EventRounds "7"]
[EventCountry "GER"]
[SourceTitle "EXT 2021"]
[Source "ChessBase"]
[SourceDate "2020.10.23"]
[SourceVersion "1"]
[SourceVersionDate "2020.10.23"]
[SourceQuality "1"]

1. e4 e5 2. Nf3 Nc6 3. Bc4 Bc5 4. c3 Nf6 5. d4 exd4 6. 0-0 d5 7. exd5 Nxd5 8. Re1+ Be7 9. Nxd4 Nb6 10. Bb5 Bd7 11. Bxc6 bxc6 12. Qf3 c5 13. Nc6 Bxc6 14. Qxc6+ Kf8 15. Be3 Qd6 16. Qf3 Rd8 17. Na3 c6 18. Rad1 Qc7 19. Rxd8+ Qxd8 20. Qxc6 Qd5 21. Qc7 Qd7 22. Qb8+ Nc8 23. Bf4 f6 24. Nc4 Kf7 25. Qb3 Kf8 26. h3 h6 27. Ne3 Nb6 28. Nc4 Qa4 29. Qxa4 Nxa4 30. Re6 g5 31. Bd6 Bxd6 32. Rxd6 Ke7 33. Ra6 Nb6 34. Rxa7+ Ke6 35. Nxb6 Rb8 36. Ra6 Kf5 37. g4+ Ke4 38. Na4 Ke5 39. Kg2 c4 40. Rc6 f5 41. Rc5+ 1-0

[Event "Daehne Cup Region IV"]
[Site "Isernhagen"]
[Date "2013.06.07"]
[Round "1"]
[White "Jaekel, Michael"]
[Black "Hachtmann, Christian"]
[Result "0-1"]
[WhiteElo "1766"]
[BlackElo "1929"]
[PlyCount "40"]
[EventDate "2013.06.07"]
[EventType "k.o."]
[EventRounds "4"]
[EventCountry "GER"]
[SourceTitle "EXT 2022"]
[Source "ChessBase"]
[SourceDate "2021.10.06"]
[SourceVersion "1"]
[SourceVersionDate "2021.10.06"]
[SourceQuality "1"]

1. e4 e6 2. c4 d5 3. cxd5 exd5 4. Qa4+ c6 5. e5 f6 6. d4 fxe5 7. dxe5 Bc5 8. Nf3 Bf5 9. b4 Bb6 10. Bg5 Ne7 11. Nc3 0-0 12. Rd1 Qe8 13. Be2 Ng6 14. 0-0 Nxe5 15. Nxd5 cxd5 16. Qb3 Nf7 17. Qxd5 Be4 18. Qb3 Nc6 19. a4 Bxf3 20. Bxf3 Nd4 0-1